40 South American Cities Everyone Should Know - Statistics

General Stats
  • This quiz has been taken 13 times
  • The average score is 25 of 40
Answer Stats
Hint Answer % Correct
Colombia’s high-altitude capital Bogotá
100%
Brazil's capital city shaped like a plane Brasília
100%
Capital and largest city in Argentina Buenos Aires
100%
Highest capital city in the world La Paz
100%
Capital and largest city in Uruguay Montevideo
100%
Second-highest capital city in the world Quito
100%
Capital and largest city in Chile Santiago
100%
Largest city outside of Asia (by urban area population) São Paulo
92%
Once considered murder capital of the world, home of a famous cartel Medellin
83%
Constitutional capital of Bolivia, famous for its whitewashed colonial buildings Sucre
83%
Capital and largest city in Paraguay Asunción
75%
Capital and largest city in Venezuela Caracas
75%
Ecuador’s largest city and economic hub Guayaquil
75%
A historic metropolis located in the heart of the Amazon rainforest Manaus
75%
Caribbean city, birthplace of singer Shakira and actress Sofía Vergara Barranquilla
67%
Colombian city considered the world's Salsa capital Cali
67%
French city at the edge of the Amazon Cayenne
67%
The second-most populous city in Argentina, famous for its colonial history and prestigious universities Córdoba
67%
Considered to be the Gastronomical Capital of the Americas Lima
67%
Colorful capital of Suriname Paramaribo
67%
A major Chilean port city, was home for poet Pablo Neruda Valparaíso
67%
A popular tourist hub in Colombia, it serves as a gateway to nearby Caribbean islands and beaches. Cartagena
58%
Ancient capital of the Inca Empire and gateway to Machu Picchu Cusco
58%
The heart of Argentina's wine country, especially Malbec Mendoza
58%
Was made the capital of an European empire in 1808 Rio de Janeiro
58%
Birthplace of Che Guevara and Lionel Messi Rosario
58%
Bolivia’s economic hub with a tropical climate Santa Cruz de la Sierra
58%
Capital of the fastest-growing economy in the last few years Georgetown
50%
Ecuador's largest city and its main commercial port Guayaquil
50%
Considered the blackest city outside of Africa Salvador
50%
Brazilian Amazon city where the COP30 environmental summit took place in 2025 Belém
42%
Its extreme southern location earned it the nickname "The End of the World" Ushuaia
42%
Paraguayan city that shares a border with the two previous ones, the second-largest in the country Ciudad del Este
25%
City on the Brazilian side of the Iguazu Falls Foz do Iguaçu
25%
City on the Argentinean side of the Iguazu Falls Puerto Iguazu
25%
Ski and adventure tourism destination in Argentina with Swiss-style architecture Bariloche
17%
City in the Altiplano, home to what was once the largest Jesus Christ statue in the world (it's not Rio) Cochabamba
17%
World-renowned for a stunning collection of gigantic geoglyphs etched into the desert floor. Nazca
17%
Considered to have once been the richest city in the world, due to its silver mines Potosí
8%
Home to the world's largest salt flat Uyuni
8%
No matching quizzes found
Score Distribution
Percent of People with Each Score
Percentile by Number Answered
Your Score History
You have not taken this quiz